01090 2200325 4500001002100000005001500021035002000036007000300056008004100059020002200100082001500122084001700137100002800154245012800182250002600310300005000336650002300386700002800409700003300437264007900470336002100549337003000570338002300600040002200623090001900645850001200664500004800676990002000724990002000744INLIS00000000088569220240418082318 a0010-0424000319ta240418s2023 yoia b 1 ind d a978-623-112-168-404223a028.55 a028.55 SIT s0 aSiti MurwatiePengarang10aSalah buwang = salah buang /cSiti Murwati; penerjemah, Siti Murwati; penyunting, Sri Sabakti; ilustrator, Banuarli Ambardi aCetakan Pertama, 2023 aii, 16 halaman :bilustrasi berwarna ;c30 cm 4aBacaan kanak-kanak0 aSri SabaktiePenyunting0 aBanuarli AmbardieIlustrator31aJakarta :bKementerian Pendidikan, Kebudayaan, Riset, dan Teknologi,c2023 2rdacontentateks 2rdamediaatanpa perantara 2rdacarrieravolume aYOPDYOGbinderda aK 028.55 SIT s aYOPDYOG ateks dalam bahasa Indonesia dan bahasa Jawa a71924-PD/A.2024 a71925-PD/A.2024